01486nam a2200325 a 4500001001000000003000900010005001700019007000300036008004100039020001800080040003000098082002300128100003800151245007800189260003600267300002100303500005500324590002700379650008200406650006700488650007200555650005600627650003400683910003700717942001400754952012700768952012100895952012701016999001701143000045344DO-SdBNP20260202091752.0ta110505s2015 dr a 000 0 spa d z9789945081343 aDO-SdBNPbspacBNPHUerda a158.1bS715t, 20151 aSosa Sosa, Diego A.,d1966-9323610aTú eres la estrella II :bfortalece tus 5 puntas /cDiego A. Sosa Sosa. aSanto Domingo :bBúho,c2015. a199 p. ;c23 cm. aIncluye datos biografícos del autor en la solapa aInventariado, 2018/MFF 7aAutorrealización (Psicología)9211vEnsayos, conferencias, etc.2LIBRUNAM 7aRelaciones humanasvEnsayos, conferencias, etc.96062LIBRUNAM 7aPsicología aplicada 91579vEnsayos, conferencias, etc.2LIBRUNAM 7aÉxito9394vEnsayos, conferencias, etc.2LIBRUNAM 7aPersonalidad2LIBRUNAM988940 aValidado. Control de calidad MFF 2ddccLBS1 0011718DSaGRbGRcMId2015-03-04iLF1l0o158.1 S715t, 2015p45344-30r2020-06-25te. 3w2020-06-25yLFDSZNo se presta 0010718PDaPDbPDcHDd2015-03-04iLF1l0o158.1 S715t, 2015p45344-10r2020-06-25w2020-06-25yLFPDZNo se presta 0010718PDaPDbPDcHDd2015-03-04iLF1l0o158.1 S715t, 2015p45344-20r2020-06-25te. 2w2020-06-25yLFPDZNo se presta c44833d44833